Social problems : (Record no. 47498)

MARC details
000 -LEADER
fixed length control field 00457nam a22001337a 4500
008 - FIXED-LENGTH DATA ELEMENTS--GENERAL INFORMATION
fixed length control field 161129b xxu||||| |||| 00| 0 eng d
050 ## - LIBRARY OF CONGRESS CALL NUMBER
Classification number HN59.2
Item number .S63 2012
245 ## - TITLE STATEMENT
Title Social problems :
Remainder of title readings with four questions /
Statement of responsibility, etc edited by] Joel M. Charon, Lee Garth Vigilant
250 ## - EDITION STATEMENT
Edition statement 4th ed.
260 ## - PUBLICATION, DISTRIBUTION, ETC. (IMPRINT)
Place of publication, distribution, etc Belmont, Calif. :
Name of publisher, distributor, etc Wadsworth/Cengage Learning,
Date of publication, distribution, etc c2009
300 ## - PHYSICAL DESCRIPTION
Extent xx,599p.
Dimensions 23cm.
650 ## - SUBJECT ADDED ENTRY--TOPICAL TERM
Topical term or geographic name as entry element Social problems|zUnited States
942 ## - ADDED ENTRY ELEMENTS (KOHA)
Source of classification or shelving scheme Library of Congress Classification
Item type Book
Holdings
Withdrawn status Lost status Source of classification or shelving scheme Damaged status Not for loan Collection code Home library Current library Shelving location Date acquired Source of acquisition Cost, normal purchase price Total Checkouts Full call number Barcode Date last borrowed Copy number Price effective from Koha item type
    Library of Congress Classification     Non-fiction Nairobi Campus Nairobi Campus General Circulation 29/11/2016 Donation 500.00 3 HN59.2 .S63 2012 048760 28/06/2021 1 29/11/2016 Book